Quizzes
Events
Quiz Creation
Community
Videos
Private Events
Remove Ads
Sign In
Join for FREE
Feedback
Dark Mode
Quiz Categories
Sports
Geography
Music
Movies
Television
Just For Fun
Miscellaneous
History
Literature
Language
Science
Gaming
Entertainment
Religion
Holiday
For Kids
Quiz Lab
Recent
Popular Today
Quiz Kudos Today
Editor Picks
Curator Picks
Quizzes by...
Day
Popularity
Type
Ratings
Length
Year
Community
Subscriptions
Recent Discussions
Orange Saloon
Badges
Playlists
Quests
Create
Leaderboards
Showdown
Live 5
Trivia Bingo
Activity
Puzzle Library
Sporcle Events
Private Events
Virtual Trivia
Globe League
Become a Host
Pub Owners
SporcleCon
Opinionation
Our Games
Videos
Blog
Mobile Apps
Partnerships
Remove Ads and Go Orange
Feedback
Sports
Athletes
MLB
NBA
NHL
NFL
Soccer
Sports Teams
WWE
NCAA
Football
Premier League
Basketball
Baseball
Hockey
Golf
Tennis
Cricket
Rugby
Auto Racing
Olympics
World Cup
Sports
Athletes
MLB
NBA
NHL
NFL
Soccer
Sports Teams
WWE
NCAA
Football
Premier League
Basketball
Baseball
Hockey
Golf
Tennis
Cricket
Rugby
Auto Racing
Olympics
World Cup
Random Quiz
Search Sporcle
×
Quiz Lab
Quiz Lab
Sports
Country
Type in answers that appear in a list
Type in answers that appear in a list
Classic
Best Score? Go Orange.
Tirreno-Adriatico Winners Stats
Can you name the winners of Tirreno-Adriatico?
By
Sjeroo
10m
46 Questions
116 Plays
116 Plays
116 Plays
Comments
Comments
Give Quiz Kudos
Give Quiz Kudos
-
- Ratings
hide this ad
Replay
Link that replays current quiz
Next Quiz
Link to next quiz in quiz playlist
You Got
0%
They Got
Avg Score
45%
Avg Friend Score
Upgrade to see
Score Distribution
Jump to the score distribution portion of the page
Score
0/46
Timer
10:00
0
Plays Today
Year
Winner
% Correct
2011
Cadel Evans
88.8%
1989
Tony Rominger
80.2%
1990
Tony Rominger
80.2%
2002
Erik Dekker
78.4%
2006
Thomas Dekker
78.4%
2008
Fabian Cancellara
77.6%
2004
Paolo Bettini
72.4%
1980
Francesco Moser
68.1%
1981
Francesco Moser
68.1%
2007
Andreas Klöden
68.1%
1987
Rolf Sørensen
66.4%
1992
Rolf Sørensen
66.4%
2009
Michele Scarponi
62.1%
1978
Giuseppe Saronni
59.5%
1982
Giuseppe Saronni
59.5%
1999
Michele Bartoli
59.5%
1972
Roger De Vlaeminck
58.6%
1973
Roger De Vlaeminck
58.6%
1974
Roger De Vlaeminck
58.6%
1975
Roger De Vlaeminck
58.6%
1976
Roger De Vlaeminck
58.6%
1977
Roger De Vlaeminck
58.6%
1985
Joop Zoetemelk
58.6%
Year
Winner
% Correct
2010
Stefano Garzelli
57.8%
2001
Davide Rebellin
52.6%
2005
Óscar Freire
50.9%
1993
Maurizio Fondriest
44%
2000
Abraham Olano
38.8%
1979
Knut Knudsen
34.5%
1996
Francesco Casagrande
34.5%
2003
Filippo Pozzato
31.9%
1967
Franco Bitossi
30.2%
1994
Giorgio Furlan
30.2%
1984
Tommy Prim
28.4%
1983
Roberto Visentini
27.6%
1998
Rolf Järmann
23.3%
1966
Dino Zandegu
15.5%
1988
Erich Mächler
8.6%
1971
Italo Zilioli
7.8%
1995
Stefano Colagè
6%
1997
Roberto Petito
6%
1991
Herminio Díaz Zabala
5.2%
1970
Antoine Houbrechts
2.6%
1968
Claudio Michelotto
0.9%
1969
Carlo Chiappano
0.9%
1986
Luciano Rabottoni
0%
Quiz Playlist
Details
Report
Send in Message
Add To Playlist
Classic:
Type in answers that appear in a list
Last Updated: Feb 16, 2017
Quiz Scoreboard
CHALLENGE
Sign Up to Join the Scoreboard
Show All
Scores
Hide
Comments
May contain spoilers
Recently Published
Decade Duel: World Leaders
by jenniferyan
History
4m
Alphabetical 'K' Countries by Flag Minefield
by ylime102
Geography
3m
Pick 6: Fruits
by JohnFran
Miscellaneous
15s
More to Explore
Quiz From the Vault
Featured Blog Post
15 Basketball Trivia Facts You Can Be March Mad About
hide this ad
You Might Also Like...
Tags
Country Quiz
Winner
Today's Top Quizzes in Sports
Browse Sports
hide this ad
Today's Top Quizzes in Country
Browse Country
Top Contributed Quizzes in Sports
1
Les joueurs à 100 buts en Ligue 1 Uber Eats
2
Pick 6: NFL Teams
3
2022 World Cup Stars
4
MLB 2 truths and a lie: Hall of Fame pitchers
5
Millionaire: NBA Finals Edition
6
Pick 6: Minor League Baseball
7
Criteria MLB: Left Handed Sluggers
8
Click the 1998 NBA Draft
9
Pick 6: Olympics
10
Don't Strike Out: 3000 Strikeouts
Explore More
Trending Topics
Marvel
Crossword
Harry Potter
Anime
NBA
Disney
Kpop
Puzzle
NFL
Soccer
Country
Song
The Office
Pokémon
WWE
hide this ad
More By:
Sjeroo
Quiz
Plays
Rating
Category
Featured
Created
Paris-Nice Winners
240
5.00
Sports
Jan 14, 2010
Tirreno-Adriatico Winners
116
4.00
Sports
Jan 15, 2010
Tour Down Under Winners
76
Sports
Jan 13, 2010
Go to Creator's Profile
Score Distribution
Quiz Creator Spotlight
Sjeroo
Follow
Send a Message
Quizzes Created
-
Created Quiz Play Count
-
More By This Creator
Popular Quizzes Today
1
Countries of Asia Without Outlines Minefield
2
Find the US States - No Outlines Minefield
3
Pick 6: Fruits
4
Alphabetical 'K' Countries by Flag Minefield
5
The Countries of the World
6
Find the Countries of Europe - No Outlines Minefield
7
Find the US States
8
US States
More Sports Quizzes
NFL Quarterback Alma Maters 2010s
Quiz Lab
Trending Quizzes
Pick 6: Mountains
Pick 6: Harry Potter
Pick 6: Flags
Pick 6: NFL Teams
Pick 6: Movie Franchises
Recently Updated
Adaptations: Name the Title
pecheneg
NWSL Teams
pecheneg
Women's Final Four Teams by Year
bhenderson79
Presidents Quartet II
eogle
Anything But Clue(do)
eogle
Anything But Oceanian Capitals
eogle
Anything But 7
eogle
Anything But Thing
eogle
Word Ladder: February 29
pecheneg
Song Title Questions
pecheneg
Trending Topics
Anime
NBA
Disney
Kpop
Harry Potter
Marvel
Crossword
Country
Pokémon
WWE
Puzzle
The Office
Soccer
Song
NFL
Your Account Isn't Verified!
In order to create a playlist on Sporcle, you need to verify the email address you used during registration. Go to your
Sporcle Settings
to finish the process.
Report this User
Report this user for behavior that violates our
Community Guidelines
.
Details:
Send Report
Go to the Sporcle.com Mobile Site →
Comments